Guidelines for hazard evaluation procedures.

Guardado en:
Autor Corporativo: American Institute of Chemical Engineers. Center for Chemical Process Safety.
Formato: Libro
Idioma:English
Publicado: New York, NY : Center for Chemical Process Safety of the American Institute of Chemical Engineers, c1992.
Edición:2nd ed. with worked examples.
Materias:
Acceso en línea:Descripción
Tabla de contenido
Etiquetas: Agregar Etiqueta
Sin Etiquetas, Sea el primero en etiquetar este registro!
LEADER 01373pam a22003015a 4500
001 EIQ.libpla002992
008 911024s1992####nyua#####b####001#0#eng#d
005 20071001151705.0
245 0 0 |a Guidelines for hazard evaluation procedures. 
246 3 0 |a Hazard evaluation procedures. 
250 |a 2nd ed. with worked examples. 
260 |a New York, NY :  |b Center for Chemical Process Safety of the American Institute of Chemical Engineers,  |c c1992. 
300 |a xxxi, 461 p. :  |b il. ;  |c 27 cm. 
504 |a Incluye referencias bibliográficas (p. 447-452) e índice. 
020 |a 081690491X (hardcover) 
710 2 |a American Institute of Chemical Engineers.  |b Center for Chemical Process Safety. 
082 0 0 |a 660/.2804  |2 20 
650 4 |a Fábrica de productos químicos  |x Medidas de seguridad. 
650 4 |a Refinerías de petróleo  |x Medidas de seguridad. 
650 4 |a Materiales peligrosos  |x Medidas de seguridad. 
650 0 |a Chemical plants  |x Safety measures. 
650 0 |a Petroleum refineries  |x Safety measures. 
650 0 |a Hazardous materials  |x Safety measures. 
010 |a  91041715  
040 |a DLC  |c DLC  |d AR-BbSID 
856 4 2 |3 Descripción  |u http://www.loc.gov/catdir/enhancements/fy0607/91041715-d.html 
856 4 1 |3 Tabla de contenido  |u http://www.loc.gov/catdir/enhancements/fy0607/91041715-t.html 
859 |a AR-BbSID  |b BIB. PLAPIQUI  |h 660.280 4  |i G 942  |p 5388